000 00559nam a2200205Ia 4500
005 20250923144613.0
008 008 250917s9999 xx 000 0 eng d
037 _aTextual
040 _aDSWL
_beng
_cDSWL
041 _aeng
_2eng
084 _aX95:7543:N5, J8
_qDSWL
100 _aDenman, D.R.
_9826540
245 0 _aOrigins of ownership
_cby D.R Denman
260 _b. Allen & Unwin Ltd.
_c1956
300 _a190p.
365 _aINR
_b22
925 _g22
942 _cTEXL
_hX95:7543:N5, J8
999 _c1441050
_d1441050